Coulson & Richardson's Chemical Engimeering. Volume 5 : Solutions to the Problems in Chemical Engineering. Volume 2 and 3

Gespeichert in:
Bibliographische Detailangaben
Hauptverfasser: Backhurst, J.R (Verfasst von), Harker, J.H (Verfasst von)
Format: Buch
Sprache:Englisch
Veröffentlicht: Oxford : Butterworth-Heinemann, 1999
Ausgabe:2nd Edition
Tags: Tag hinzufügen
Keine Tags, Fügen Sie das erste Tag hinzu!

MARC

LEADER 00000nam a22000003a 4500
001 stu78399
005 20150617225643.1
008 030107s1999----uk------------------eng-d
020 |a 0-7506-2612-7 
040 |a STU  |b slo 
041 0 |a eng 
044 |a uk 
080 |a 66.012-52  |7 stu_us_auth*stu8283 
100 1 |a Backhurst, J.R.  |4 aut 
245 1 |a Coulson & Richardson's Chemical Engimeering. Volume 5 :  |b Solutions to the Problems in Chemical Engineering. Volume 2 and 3 
250 |a 2nd Edition 
260 |a Oxford :  |b Butterworth-Heinemann,  |c 1999 
300 |a 336 s. Tab.,grafy 
700 1 |a Harker, J.H.  |4 aut 
996 |b C96964  |c C*96964  |l CCXVIII  |s P  |a 0  |w stu78399_0001 
996 |b C97134  |c C*97134  |l CCXVIII  |s P  |a 0  |w stu78399_0002